Stadiums of 2014 FIFA World Cup with a Map - Statistics

General Stats
  • This quiz has been taken 30 times
    18 since last reset
  • The average score is 8 of 12
Answers on the Map
Answers color-coded by a green-red scale on the quiz's map according to % correct below.
 
Answer Stats
Stadium % Correct
Maracanã
100%
Mineirão
77%
Arena Castelão
69%
Estádio Beira-Rio
69%
Neo Química Arena
69%
Arena BRB Mané Garrincha
62%
Arena da Amazônia
62%
Itaipava Arena Fonte Nova
62%
Arena da Baixada
54%
Arena Pantanal
54%
Arena das Dunas
46%
Arena de Pernambuco
46%
No matching quizzes found
Score Distribution
Percent of People with Each Score
Percentile by Number Answered
Your Score History
You have not taken this quiz since the last reset